Bez mieru aj sny ľahnú popolom Začala sa siedma vrcholná konferencia hnutia nezúčastnených

Bibliographic Details
Main Author: Lőrincz, Július, 1910-1980 (Author)
Format: Article
Language:Slovak
Subjects:

MARC

LEADER 00000nab a2200000 a 4500
001 vtls000145646
003 SK-MaSNL
005 20260303202248.0
008 111104c1983 xo 0 slo
015 |a SNBRB19rr/mm-uuuuu 
035 |a CL0155753 
040 |a SNKBUCL  |b slo  |c SNKBUCL  |e AACR2 
041 0 |a slo 
044 |a xo  |c SK 
080 |a 327.55  |2 1981 
100 1 |a Lőrincz, Július,  |d 1910-1980  |4 aut  |9 48954 
245 1 0 |a Bez mieru aj sny ľahnú popolom  |b Začala sa siedma vrcholná konferencia hnutia nezúčastnených  |c Július P. Lorincz 
650 0 7 |a hnutie nezúčastnených krajín  |2 snkbucl  |9 900219 
655 7 |a články z novín a časopisov  |2 snkbucl  |9 267496 
773 0 |t Pravda  |g Roč. 64, č. 56 (8. 3. 1983), s. 1 a 7 
850 |a Slovenská národná knižnica v Martine  |a MTA001 
852 |a SNK  |b KIS3GCP 
958 |a RK 
992 |a RBX 
999 |c 2178608  |d 2180538